LIBRARY & INFORMATION CENTRE, KCAET, TAVANUR

ONLINE PUBLIC ACCESS CATALOGUE (OPAC)

Strange cases of Dr. Jekyll and Mr.Hyde / (Record no. 7789)

MARC details
000 -LEADER
fixed length control field 00477cam a2200181ua 4500
041 ## - LANGUAGE CODE
Language code of text/sound track or separate title eng
082 ## - DEWEY DECIMAL CLASSIFICATION NUMBER
Classification number 823.308
Item number STE/ST
100 ## - MAIN ENTRY--AUTHOR NAME
Personal name Stevenson, Robet Louis.
245 ## - TITLE STATEMENT
Title Strange cases of Dr. Jekyll and Mr.Hyde /
260 ## - PUBLICATION, DISTRIBUTION, ETC. (IMPRINT)
Place of publication Mumbai :
Name of publisher Blackie and Son (India) Ltd. ,
Year of publication 1964.
300 ## - PHYSICAL DESCRIPTION
Number of Pages 83 ; .
942 ## - ADDED ENTRY ELEMENTS (KOHA)
Koha item type Books
Holdings
Withdrawn status Lost status Damaged status Home library Current library Date acquired Full call number Accession Number Koha item type
Withdrawn     KAUAET Malayalam University 07/04/2012 823.308 10206 Books
Withdrawn     KAUAET Sanskrit University 07/04/2012 823.308 11123 Books
free website counter